|
|
|
|
| LEADER |
01368nam a22002897a 4500 |
| 001 |
41040 |
| 003 |
BD-DhAAL |
| 005 |
20230328132549.0 |
| 008 |
230328t2023 bg a|||| b||| 00| 0 ben d |
| 020 |
|
|
|a 9789849685616
|
| 040 |
|
|
|a BD-DhAAL
|d BD-DhAAL
|
| 041 |
|
|
|a ben
|
| 082 |
|
|
|a 954.9205
|2 22
|
| 100 |
|
|
|a আমীন, নাজমুল
|9 53946
|
| 245 |
|
|
|a গাজীপুরে একাত্তর :
|b অনালোচিত বীরগাথা /
|c নাজমুল আমীন
|
| 246 |
|
|
|a Gazipur 1971 : the forgotten heroic story
|
| 260 |
|
|
|a ঢাকা :
|b পাঠক সমাবেশ,
|c ২০২৩
|
| 300 |
|
|
|a ১৬৯ পৃষ্ঠা :
|b চিত্র ;
|c ২২ সে. মি.
|
| 504 |
|
|
|a গ্রন্থপঞ্জিগত নির্দেশিকা অন্তর্ভুক্ত।
|
| 526 |
|
|
|a AAL
|
| 541 |
|
|
|a পাঠক সমাবেশ
|e 41040
|
| 651 |
|
|
|a Bangladesh
|x History
|y Revolution, 1971.
|
| 651 |
|
|
|a বাংলাদেশ
|x ইতিহাস
|y মুক্তিযুদ্ধ, ১৯৭১.
|
| 852 |
|
|
|a Ayesha Abed Library
|c General stacks
|
| 942 |
|
|
|2 ddc
|c BK
|
| 999 |
|
|
|c 45640
|d 45640
|
| 952 |
|
|
|0 0
|1 0
|2 ddc
|4 0
|6 954_920500000000000_AMI
|7 0
|9 73473
|a BRACUL
|b BRACUL
|c GEN
|d 2023-03-28
|e Pathak shamabesh
|g 260.00
|l 2
|m 3
|o 954.9205 AMI
|p 3010041040
|r 2025-06-28
|s 2025-06-21
|t 1
|v 350.00
|w 2023-03-28
|y BK
|